WWE Royal Rumble - Qui a éliminé Shelton Benjamin ? - Statistiques

Statistiques générales
  • Ce quiz a été pris 132 fois
  • Le résultat moyen est 8 sur 10
Statistiques - réponses
Rumble Éliminé par % Correct
2003 Brock Lesnar
93%
2020 Brock Lesnar
93%
2010 John Cena
84%
2009 Undertaker
81%
2004 Randy Orton
78%
2006 Shawn Michaels
75%
2007 Shawn Michaels
75%
2008 Shawn Michaels
75%
2005 Edge
71%
2019 Braun Strowman
51%
Aucun quiz correspondant
Distribution des résultats
% des personnes avec chaque résultat
Percentile par nombre de réponses
Votre historique - résultats
Vous n’avez pas pris ce quiz